[Event "BL2-West 2122"]
[Site "Germany"]
[Date "2022.04.30"]
[Round "3.6"]
[White "Marcziter, Dmitrii"]
[Black "Hobusch, Jan"]
[Result "1/2-1/2"]
[WhiteElo "2227"]
[BlackElo "2232"]
[PlyCount "132"]
[EventDate "2022.03.05"]
[EventType "team-tourn"]
[EventRounds "10"]
[EventCountry "GER"]
[SourceTitle "EXT 2023"]
[Source "ChessBase"]
[SourceDate "2022.10.05"]
[SourceVersion "1"]
[SourceVersionDate "2022.10.05"]
[SourceQuality "1"]
[WhiteTeam "Koeln Porz"]
[BlackTeam "Solingen II"]
[WhiteTeamCountry "GER"]
[BlackTeamCountry "GER"]

1. d4 d5 2. c4 dxc4 3. e4 Nc6 4. Nf3 Bg4 5. d5 Ne5 6. Bf4 Ng6 7. Be3 Nf6 8. Nc3 e5 9. Bxc4 a6 10. Be2 Bd6 11. 0-0 0-0 12. Nd2 Bd7 13. Bf3 b5 14. Rc1 Rc8 15. a4 c6 16. dxc6 Bxc6 17. axb5 axb5 18. Nd5 Bxd5 19. exd5 h6 20. Qb3 Qe7 21. g3 Bc5 22. Qxb5 Bxe3 23. fxe3 e4 24. Bg2 Rb8 25. Qc5 Rxb2 26. Qxe7 Nxe7 27. Nc4 Re2 28. d6 Ned5 29. Rf2 Rxf2 30. Kxf2 Rd8 31. Bh3 Nb4 32. Rb1 Nd3+ 33. Ke2 Ne8 34. Rb6 Kf8 35. Bf5 Nc5 36. Rc6 g6 37. Bh3 Nd7 38. Kd2 h5 39. Kc3 f5 40. Kd4 Nb8 41. Rb6 Nd7 42. Rb7 Kf7 43. Kd5 Nef6+ 44. Kc6 Ke6 45. Bf1 Rc8+ 46. Rc7 Rb8 47. Be2 Rb1 48. Rb7 Re1 49. Rb2 Rc1 50. Rd2 Ne5+ 51. Kb5 Rb1+ 52. Ka4 Nfd7 53. Nxe5 Kxe5 54. Bb5 Nc5+ 55. Ka5 Nb7+ 56. Ka4 Nxd6 57. Be2 Nc8 58. Ka3 Ne7 59. Ka2 Rc1 60. Kb2 Rc6 61. Rc2 Rb6+ 62. Kc1 Nd5 63. Kd2 Rb3 64. Bc4 Rb1 65. Ra2 Rb6 66. Ra5 Rd6 1/2-1/2

[Event "NRW Cup Final"]
[Site "Germany"]
[Date "2019.07.07"]
[Round "2.3"]
[White "Hobusch, Jan"]
[Black "De Vreugt, Dennis"]
[Result "1/2-1/2"]
[WhiteElo "2225"]
[BlackElo "2406"]
[PlyCount "43"]
[EventDate "2019.07.06"]
[EventType "team-k.o."]
[EventRounds "2"]
[EventCountry "GER"]
[SourceTitle "EXT 2023"]
[Source "ChessBase"]
[SourceDate "2022.10.05"]
[SourceVersion "1"]
[SourceVersionDate "2022.10.05"]
[SourceQuality "1"]
[WhiteTeam "Sodingen/Castrop SK"]
[BlackTeam "Erkenschwick"]
[WhiteTeamCountry "GER"]
[BlackTeamCountry "GER"]

1. d4 d5 2. c4 c6 3. Nf3 a6 4. cxd5 cxd5 5. Nc3 Nf6 6. Bf4 e6 7. Rc1 Be7 8. h3 0-0 9. e3 b5 10. Bd3 Bb7 11. 0-0 Nbd7 12. Ne5 Nb6 13. a4 Nc4 14. Qe2 b4 15. Nb1 Nxe5 16. Bxe5 Bd6 17. Bxd6 Qxd6 18. Nd2 e5 19. dxe5 Qxe5 20. Nf3 Qd6 21. Nd4 g6 22. Rc2 1/2-1/2

[Event "BL2-West 1617"]
[Site "Germany"]
[Date "2017.01.15"]
[Round "4.6"]
[White "Buckels, Valentin"]
[Black "Hobusch, Jan"]
[Result "1-0"]
[WhiteElo "2309"]
[BlackElo "2257"]
[PlyCount "85"]
[EventDate "2016.10.16"]
[EventType "team-tourn"]
[EventRounds "9"]
[EventCountry "GER"]
[SourceTitle "EXT 2018"]
[Source "ChessBase"]
[SourceDate "2017.10.13"]
[SourceVersion "1"]
[SourceVersionDate "2017.10.13"]
[SourceQuality "1"]
[WhiteTeam "Muelheim II"]
[BlackTeam "Solingen II"]
[WhiteTeamCountry "GER"]
[BlackTeamCountry "GER"]

1. d4 d5 2. c4 dxc4 3. e3 e5 4. Bxc4 exd4 5. exd4 Bd6 6. Nf3 Nf6 7. Qe2+ Qe7 8. Qxe7+ Bxe7 9. Nc3 0-0 10. 0-0 Nbd7 11. Bf4 Nb6 12. Bb3 Bd6 13. Be5 Bf5 14. Rfe1 Rad8 15. a4 a5 16. Rac1 c6 17. h3 Rfe8 18. Bxd6 Rxd6 19. Re5 Bg6 20. Rxa5 Nfd7 21. Ra7 Rb8 22. Re1 Kf8 23. Ra5 Bd3 24. Rg5 h6 25. Rg3 Bc4 26. Bc2 Nf6 27. Rd1 Rbd8 28. a5 Nbd5 29. Ne5 Ba6 30. Bb3 g6 31. Re1 Kg7 32. Rf3 Rf8 33. h4 h5 34. Nxd5 Nxd5 35. g3 Nf6 36. Rf4 Nd5 37. Rf3 Nf6 38. Rf4 Nd5 39. Bxd5 Rxd5 40. b4 f6 41. Nf3 Bd3 42. Re7+ Kh6 43. Ng5 1-0

[Event "BL2-West 1617"]
[Site "Germany"]
[Date "2016.11.20"]
[Round "2.6"]
[White "Siebrecht, Sebastian"]
[Black "Hobusch, Jan"]
[Result "0-1"]
[WhiteElo "2445"]
[BlackElo "2241"]
[PlyCount "81"]
[EventDate "2016.10.16"]
[EventType "team-tourn"]
[EventRounds "9"]
[EventCountry "GER"]
[SourceTitle "EXT 2018"]
[Source "ChessBase"]
[SourceDate "2017.10.13"]
[SourceVersion "1"]
[SourceVersionDate "2017.10.13"]
[SourceQuality "1"]
[WhiteTeam "Katernberg"]
[BlackTeam "Solingen II"]
[WhiteTeamCountry "GER"]
[BlackTeamCountry "GER"]

1. c4 c6 2. Nf3 d5 3. e3 Nf6 4. Qc2 e6 5. b3 Bd6 6. Bb2 0-0 7. d4 Nbd7 8. Nbd2 Qe7 9. Ne5 Ba3 10. Bd3 Bxb2 11. Qxb2 Nxe5 12. dxe5 Nd7 13. 0-0 b6 14. e4 dxc4 15. Bxc4 Bb7 16. Rae1 Qc5 17. Nf3 Rad8 18. Re3 Qe7 19. b4 a6 20. Qa3 b5 21. Be2 c5 22. bxc5 Nxc5 23. Qb4 Rfe8 24. Rc1 Na4 25. Qb1 Rc8 26. Bd1 Rxc1 27. Qxc1 Rc8 28. Qd2 Nb6 29. Be2 Qc7 30. Bf1 h6 31. Re1 Nc4 32. Bxc4 Qxc4 33. Qd7 Qc7 34. Qd3 Rd8 35. Qb3 Qc4 36. Qe3 Rd3 37. Qb6 Bxe4 38. Qxa6 Qc3 39. Rf1 Rxf3 40. Qxb5 Rf5 41. h4 0-1

[Event "BL2-West 1516"]
[Site "Germany"]
[Date "2016.03.13"]
[Round "8.5"]
[White "Hobusch, Jan"]
[Black "Goudriaan, Etienne"]
[Result "1-0"]
[WhiteElo "2226"]
[BlackElo "2375"]
[PlyCount "57"]
[EventDate "2015.09.20"]
[EventType "team-tourn"]
[EventRounds "9"]
[EventCountry "GER"]
[SourceTitle "EXT 2017"]
[Source "ChessBase"]
[SourceDate "2016.10.25"]
[SourceVersion "1"]
[SourceVersionDate "2016.10.25"]
[SourceQuality "1"]
[WhiteTeam "Solingen"]
[BlackTeam "Bochum"]
[WhiteTeamCountry "GER"]
[BlackTeamCountry "GER"]

1. b3 e5 2. Bb2 Nc6 3. e3 Nf6 4. Bb5 Bd6 5. Bxc6 dxc6 6. d3 Qe7 7. e4 Bg4 8. Ne2 0-0-0 9. Nd2 Bb4 10. a3 Bxd2+ 11. Qxd2 Nxe4 12. Qe3 Nf6 13. f3 Nd5 14. Qxa7 Bh5 15. 0-0 b6 16. Ng3 Bg6 17. Rfe1 Qc5+ 18. Kh1 Qxc2 19. Bxe5 Qxb3 20. Rab1 Qxd3 21. Rxb6 Kd7 22. Rb7 Rc8 23. Ne4 Bxe4 24. fxe4 Qd2 25. Rg1 Rhe8 26. exd5 Rxe5 27. dxc6+ Kxc6 28. Rbb1 Qa5 29. Qb7+ 1-0

[Event "BL2-West 1516"]
[Site "Germany"]
[Date "2016.01.17"]
[Round "5.4"]
[White "Hoffmann, Michael"]
[Black "Hobusch, Jan"]
[Result "1-0"]
[WhiteElo "2484"]
[BlackElo "2226"]
[PlyCount "55"]
[EventDate "2015.09.20"]
[EventType "team-tourn"]
[EventRounds "9"]
[EventCountry "GER"]
[SourceTitle "EXT 2017"]
[Source "ChessBase"]
[SourceDate "2016.10.25"]
[SourceVersion "1"]
[SourceVersionDate "2016.10.25"]
[SourceQuality "1"]
[WhiteTeam "Aachen DJK"]
[BlackTeam "Solingen"]
[WhiteTeamCountry "GER"]
[BlackTeamCountry "GER"]

1. c4 c6 2. Nf3 d5 3. e3 Nf6 4. Nc3 e6 5. b3 Bd6 6. Bb2 0-0 7. Be2 e5 8. cxd5 cxd5 9. Nb5 Nc6 10. Nxd6 Qxd6 11. d4 Qb4+ 12. Qd2 Qxd2+ 13. Kxd2 Ne4+ 14. Ke1 Nb4 15. Kf1 exd4 16. Nxd4 Bd7 17. f3 Nd6 18. Ba3 a5 19. Bxb4 axb4 20. Nc2 Ra5 21. Kf2 Rc8 22. Nxb4 Be6 23. Rac1 Rac5 24. Rxc5 Rxc5 25. Rd1 Nb5 26. Nxd5 Bxd5 27. Bxb5 Rxb5 28. e4 1-0

[Event "GER-chT U20"]
[Site "Naumburg Saale"]
[Date "2014.12.28"]
[Round "3.1"]
[White "Linnemann, Niklas"]
[Black "Hobusch, Jan"]
[Result "0-1"]
[WhiteElo "2034"]
[BlackElo "2173"]
[PlyCount "118"]
[EventDate "2014.12.27"]
[EventType "team-swiss"]
[EventRounds "7"]
[EventCountry "GER"]
[SourceTitle "EXT 2016"]
[Source "ChessBase"]
[SourceDate "2015.10.08"]
[SourceVersion "1"]
[SourceVersionDate "2015.10.08"]
[SourceQuality "1"]
[WhiteTeam "Coswig TuS"]
[BlackTeam "Solingen"]
[WhiteTeamCountry "GER"]
[BlackTeamCountry "GER"]

1. e4 c6 2. d4 d5 3. exd5 cxd5 4. Bd3 Nc6 5. c3 Nf6 6. h3 g6 7. Bf4 Bg7 8. Nf3 0-0 9. 0-0 Bf5 10. Re1 Bxd3 11. Qxd3 Ne4 12. Nbd2 Nxd2 13. Qxd2 Rc8 14. Re2 e6 15. Bh6 a6 16. Ne5 Nxe5 17. dxe5 Rc4 18. Rc1 b5 19. b3 Rc6 20. Bxg7 Kxg7 21. Qf4 Qe7 22. Re3 Rfc8 23. Rf3 R6c7 24. h4 h5 25. Qd4 Qc5 26. Qd3 d4 27. Qe4 dxc3 28. Rcxc3 Qxc3 29. Rxc3 Rxc3 30. g4 hxg4 31. Qxg4 Rh8 32. Qg5 Rh5 33. Qf6+ Kg8 34. Qd8+ Kh7 35. Qd6 Rf3 36. Qxa6 Rxe5 37. Qb6 Rf4 38. Qa5 Ref5 39. Qd2 Rxh4 40. Qc2 Rhf4 41. a3 Kg8 42. Qc8+ Kg7 43. Qc3+ Kh7 44. Qc2 Rd5 45. Kg2 Rg4+ 46. Kf3 Rgg5 47. Ke3 Rde5+ 48. Kf3 Ref5+ 49. Ke2 Rh5 50. Qc3 Rh4 51. Qg3 Re4+ 52. Kf1 Ref4 53. Ke2 g5 54. f3 Kg6 55. Qh3 Rxf3 56. Qh8 Rxb3 57. Qg8+ Kf6 58. Qd8+ Kg7 59. Qd4+ Kg6 0-1

[Event "Dortmund Sparkassen op-A"]
[Site "Dortmund"]
[Date "2014.07.20"]
[Round "9"]
[White "Pauly, Carlo"]
[Black "Hobusch, Jan"]
[Result "1/2-1/2"]
[WhiteElo "2161"]
[BlackElo "2130"]
[PlyCount "52"]
[EventDate "2014.07.12"]
[EventType "swiss"]
[EventRounds "9"]
[EventCountry "GER"]
[SourceTitle "CBM 161 Extra"]
[Source "ChessBase"]
[SourceDate "2014.08.29"]
[SourceVersion "1"]
[SourceVersionDate "2014.08.29"]
[SourceQuality "1"]

1. d4 d5 2. c4 dxc4 3. e4 Nc6 4. Nf3 Bg4 5. Bxc4 e6 6. Bb5 Bb4+ 7. Nc3 Nge7 8. a3 Bxc3+ 9. bxc3 0-0 10. 0-0 a6 11. Be2 Qd7 12. Be3 Rfd8 13. Qb1 b5 14. a4 b4 15. Rd1 bxc3 16. Ne5 Nxe5 17. dxe5 Qxd1+ 18. Bxd1 Rxd1+ 19. Qxd1 Bxd1 20. Rxd1 c2 21. Rd7 Kf8 22. Kf1 Ke8 23. Rxc7 Rc8 24. Rxc8+ Nxc8 25. Ke2 Nb6 26. Kd3 c1Q 1/2-1/2

[Event "Dortmund Sparkassen op-A"]
[Site "Dortmund"]
[Date "2014.07.17"]
[Round "6"]
[White "Ozerov, Ilja"]
[Black "Hobusch, Jan"]
[Result "1-0"]
[WhiteElo "2118"]
[BlackElo "2130"]
[PlyCount "53"]
[EventDate "2014.07.12"]
[EventType "swiss"]
[EventRounds "9"]
[EventCountry "GER"]
[SourceTitle "CBM 161 Extra"]
[Source "ChessBase"]
[SourceDate "2014.08.29"]
[SourceVersion "1"]
[SourceVersionDate "2014.08.29"]
[SourceQuality "1"]

1. e4 c6 2. c4 d5 3. cxd5 cxd5 4. exd5 Nf6 5. Nc3 Nxd5 6. Nf3 e6 7. Bc4 Nb6 8. Bb3 Nc6 9. 0-0 Be7 10. d4 0-0 11. Re1 Bd7 12. h4 Nb4 13. h5 Bc6 14. Ne5 Bd5 15. Nxd5 N6xd5 16. a3 Nc6 17. Nxc6 bxc6 18. Bc2 Bg5 19. Qd3 f5 20. Bb3 Re8 21. Qa6 Nf4 22. Bxf4 Bxf4 23. Rxe6 Kh8 24. Qxc6 Rf8 25. Qf3 Qxd4 26. Rd1 Qxb2 27. Bd5 1-0

[Event "Dortmund Sparkassen op-A"]
[Site "Dortmund"]
[Date "2014.07.16"]
[Round "5"]
[White "Hobusch, Jan"]
[Black "Schroeder, Kevin"]
[Result "1/2-1/2"]
[WhiteElo "2130"]
[BlackElo "2199"]
[PlyCount "142"]
[EventDate "2014.07.12"]
[EventType "swiss"]
[EventRounds "9"]
[EventCountry "GER"]
[SourceTitle "CBM 161 Extra"]
[Source "ChessBase"]
[SourceDate "2014.08.29"]
[SourceVersion "1"]
[SourceVersionDate "2014.08.29"]
[SourceQuality "1"]

1. d4 Nf6 2. Nf3 g6 3. Bf4 Bg7 4. e3 0-0 5. Be2 c5 6. c3 d6 7. h3 b6 8. 0-0 Bb7 9. Nbd2 Nbd7 10. a4 Qc7 11. Bh2 a6 12. Qb1 Rac8 13. Rc1 Qb8 14. Qc2 Qa8 15. Qd1 Rfd8 16. Qf1 Nb8 17. Rd1 Nbd7 18. Rdc1 h6 19. Rd1 Re8 20. Rac1 Rcd8 21. Ra1 Qc8 22. Rac1 Nb8 23. Ra1 Nc6 24. Nc4 Qc7 25. Ncd2 e5 26. Bxa6 exd4 27. exd4 cxd4 28. Bxb7 Qxb7 29. cxd4 Ne4 30. Nxe4 Rxe4 31. Qc4 Ne5 32. Qb3 Nxf3+ 33. gxf3 Rh4 34. a5 Qd7 35. Bg3 Rh5 36. h4 bxa5 37. Kg2 Qb5 38. Qxb5 Rxb5 39. Rd2 Rd5 40. Ra4 Rb8 41. Kf1 Rb4 42. Rxb4 axb4 43. b3 g5 44. hxg5 hxg5 45. Ke2 f5 46. f4 g4 47. Ke3 Kf7 48. f3 gxf3 49. Bf2 Ke6 50. Kxf3 Ra5 51. Ke3 Kd5 52. Kd3 Ra3 53. Rb2 Ra1 54. Be3 Bxd4 55. Bxd4 Rd1+ 56. Ke3 Rxd4 57. Ra2 Re4+ 58. Kf3 Ke6 59. Ra5 d5 60. Ra6+ Kd7 61. Rf6 d4 62. Rxf5 Re3+ 63. Kg4 Ke6 64. Rb5 Rxb3 65. f5+ Kf6 66. Kf4 d3 67. Rb6+ Kf7 68. Ke3 Rb1 69. Kxd3 b3 70. Kc3 Rc1+ 71. Kb2 Rf1 1/2-1/2

[Event "Bundesliga 1314"]
[Site "Germany"]
[Date "2014.04.05"]
[Round "14.8"]
[White "Hobusch, Jan"]
[Black "Levin, Felix"]
[Result "0-1"]
[WhiteElo "2080"]
[BlackElo "2480"]
[PlyCount "47"]
[EventDate "2013.10.12"]
[EventType "team-tourn"]
[EventRounds "15"]
[EventCountry "GER"]
[SourceTitle "CBM 160"]
[Source "ChessBase"]
[SourceDate "2014.05.15"]
[SourceVersion "1"]
[SourceVersionDate "2014.05.15"]
[SourceQuality "1"]
[WhiteTeam "Solingen"]
[BlackTeam "Muelheim"]
[WhiteTeamCountry "GER"]
[BlackTeamCountry "GER"]

1. d4 Nf6 2. Bf4 g6 3. e3 Bg7 4. Nf3 d6 5. h3 0-0 6. Be2 Nfd7 7. 0-0 e5 8. Bh2 e4 9. Nfd2 f5 10. c4 Nf6 11. Nc3 Nc6 12. Rb1 Ne7 13. b4 g5 14. Qc2 Ng6 15. a4 h5 16. d5 g4 17. hxg4 Nxg4 18. Bxg4 hxg4 19. Ne2 Qh4 20. Rfd1 Be5 21. Bf4 Rf7 22. Nf1 Rh7 23. Nfg3 Qh2+ 24. Kf1 0-1

[Event "Bundesliga 1314"]
[Site "Germany"]
[Date "2014.03.15"]
[Round "11.8"]
[White "Scholz, Christian"]
[Black "Hobusch, Jan"]
[Result "1/2-1/2"]
[WhiteElo "2379"]
[BlackElo "2080"]
[PlyCount "67"]
[EventDate "2013.10.12"]
[EventType "team-tourn"]
[EventRounds "15"]
[EventCountry "GER"]
[SourceTitle "CBM 160"]
[Source "ChessBase"]
[SourceDate "2014.05.15"]
[SourceVersion "1"]
[SourceVersionDate "2014.05.15"]
[SourceQuality "1"]
[WhiteTeam "Katernberg"]
[BlackTeam "Solingen"]
[WhiteTeamCountry "GER"]
[BlackTeamCountry "GER"]

1. d4 d5 2. c4 dxc4 3. e4 Nc6 4. d5 Ne5 5. Bf4 Ng6 6. Be3 Nf6 7. Nc3 e6 8. Bxc4 exd5 9. exd5 a6 10. Nf3 Bd6 11. 0-0 0-0 12. h3 Re8 13. a4 Ne5 14. Nxe5 Bxe5 15. Qb3 Qe7 16. Rfe1 Qf8 17. a5 Bd7 18. Na4 Bd6 19. Bf1 h6 20. Rec1 Ne4 21. Nc3 Qe7 22. Nxe4 Qxe4 23. Bc5 Be5 24. Re1 Qf4 25. g3 Qf6 26. Red1 Reb8 27. Rd2 b6 28. axb6 cxb6 29. Bb4 Rc8 30. Ra3 Rc1 31. Rd1 Bd4 32. Be1 Rxd1 33. Qxd1 Bxb2 34. Rf3 1/2-1/2

[Event "NRW Class2 1314"]
[Site "Germany"]
[Date "2013.12.08"]
[Round "4.2"]
[White "Hobusch, Jan"]
[Black "Rieke, Theo"]
[Result "1-0"]
[WhiteElo "2079"]
[BlackElo "2036"]
[PlyCount "71"]
[EventDate "2013.09.15"]
[EventType "team-tourn"]
[EventRounds "9"]
[EventCountry "GER"]
[SourceTitle "EXT 2015"]
[Source "ChessBase"]
[SourceDate "2014.11.20"]
[SourceVersion "1"]
[SourceVersionDate "2014.11.20"]
[SourceQuality "1"]
[WhiteTeam "Solingen III"]
[BlackTeam "Neuenkirchen"]
[WhiteTeamCountry "GER"]
[BlackTeamCountry "GER"]

1. e4 e5 2. Nf3 Nc6 3. Bb5 a6 4. Bxc6 dxc6 5. Nc3 f6 6. Ng1 Bc5 7. d3 Ne7 8. Nge2 Be6 9. Be3 Bxe3 10. fxe3 c5 11. 0-0 Qd7 12. a3 0-0 13. Qd2 Rad8 14. b4 c4 15. d4 f5 16. Rad1 c6 17. Qe1 Qc7 18. Ng3 f4 19. Nge2 fxe3 20. Qg3 Ng6 21. Rxf8+ Rxf8 22. Qxe3 h6 23. Qg3 Kh7 24. d5 cxd5 25. Nxd5 Bxd5 26. exd5 Qb6+ 27. Kh1 Rf2 28. Nc3 Rf6 29. Ne4 Rf4 30. Qe1 Ne7 31. d6 Nc6 32. Nc5 Rd4 33. c3 Rf4 34. g3 Rf8 35. Qe4+ Kh8 36. Nd7 1-0

[Event "Oberhausen op"]
[Site "Oberhausen"]
[Date "2013.03.30"]
[Round "3"]
[White "Hirschberg, Valerian"]
[Black "Hobusch, Jan"]
[Result "1/2-1/2"]
[WhiteElo "2281"]
[BlackElo "2061"]
[PlyCount "96"]
[EventDate "2013.03.28"]
[EventType "swiss"]
[EventRounds "7"]
[EventCountry "GER"]
[SourceTitle "CBM 153 Extra"]
[Source "ChessBase"]
[SourceDate "2013.04.22"]
[SourceVersion "1"]
[SourceVersionDate "2013.04.22"]
[SourceQuality "1"]

1. Nf3 d5 2. g3 Nf6 3. Bg2 c6 4. c4 Bg4 5. Ne5 Be6 6. d4 Nbd7 7. cxd5 Bxd5 8. Nf3 e6 9. 0-0 Be7 10. Nc3 0-0 11. Qc2 c5 12. e4 Bc6 13. Rd1 cxd4 14. Nxd4 Rc8 15. Qe2 Qc7 16. Nxc6 bxc6 17. Be3 e5 18. Rac1 Qb8 19. Bh3 Rcd8 20. Bg2 Nc5 21. h3 Ne6 22. Na4 Qb4 23. Qc2 c5 24. a3 Qb7 25. f4 Nh5 26. Qf2 Qb8 27. f5 Rxd1+ 28. Rxd1 Nd4 29. Nc3 Nf6 30. g4 Rd8 31. g5 Nh5 32. Nd5 Bf8 33. Bf1 Bd6 34. Bc4 Kh8 35. Kh1 Rf8 36. Qh4 Nf4 37. Bxf4 exf4 38. f6 g6 39. b4 Qe8 40. Ne7 Bxe7 41. fxe7 Qxe7 42. Qxf4 f6 43. bxc5 Qxc5 44. Bd5 Qxa3 45. Kg2 Ne2 46. Qf2 Nc3 47. Rd3 Qb4 48. Rd4 Qe7 1/2-1/2